000 00542nam a2200181Ia 4500
999 _c33775
_d33775
003 OSt
005 20200917125614.0
008 190216s9999||||xx |||||||||||||| ||und||
020 _a9788187328230
040 _coclc
082 _a621.3824
_bRAJ/A
100 _aRajan, V Soundara
_94685
245 0 _aAntenna Theory And Wave Propagation /
_cV Soundara Rajan
260 _bScitech Publications,
_c2000.
_aChennai:
300 _a635p
650 _aWave Propagation
942 _cBK
_2ddc
_h621.3824
_iRAJ/A
_k621.3824
_mRAJ/A